| 000 | 01063nam a2200253Ia 4500 | ||
|---|---|---|---|
| 999 |
_c49543 _d49543 |
||
| 001 | 16473 | ||
| 003 | GE_BSU | ||
| 005 | 20200109172154.0 | ||
| 008 | 181216s2015 xx |||||||||||||| ||geo|| | ||
| 020 | _a9789941462092 | ||
| 041 | _ageo | ||
| 080 | _a61(042.4) ლ-46 | ||
| 100 |
_aლეჟავა, ჯიმშერ. _94732 |
||
| 245 |
_aშინაგან დაავადებათა დიაგნოსტიკა : _b(პროპედევტიკა) / _cჯიმშერ ლეჟავა ; რედ. კახაბერ ქაშიბაძე. |
||
| 250 | _aმეორე გამოცემა | ||
| 260 | _c2015 | ||
| 264 |
_aბათუმი : _bბსუ, _c2015. |
||
| 300 |
_a422 გვ.: _bილ, _c30 სმ. |
||
| 500 | _aტესტები:გვ.366-414 | ||
| 653 | _aკლინიკური ლექციების კურსი | ||
| 653 | _aმედიცინა | ||
| 700 |
_aქაშიბაძე, კახაბერ _eრედაქტორი _96056 |
||
| 942 |
_cBK _2udc |
||